| 000 | 01462nam a2200361 i 4500 | ||
|---|---|---|---|
| 001 | 000045358 | ||
| 003 | DO-SdBNP | ||
| 005 | 20251028140352.0 | ||
| 007 | ta | ||
| 008 | 150305s2014 dr ac 000 0 spa d | ||
| 020 | _z9789993495970 | ||
| 040 |
_aDO-SdBNP _bspa _cBNPHU _erda |
||
| 041 | _hspa | ||
| 082 | 4 |
_a920.07293 _bP438bi _222 |
|
| 100 | 1 |
_aPérez Guerra, Yrene, _eautor _4aut. _969184 |
|
| 245 | 1 | 0 |
_aBiografías-2 : _bacadémicos presidentes y miembros laudatio academica de la ACRD / _cYrene Pérez Guerra ; prólogo, Luis Scheker Ortiz. |
| 250 | _aPrimera edición | ||
| 264 | 1 |
_aSanto Domingo, República Dominicana : _bLa Academia de Ciencias de la República Dominicana, _c2014. |
|
| 300 |
_a323 páginas : _bilustraciones, retratos ; _c26 cm. |
||
| 336 |
_atexto _btxt _2rdacontent |
||
| 337 |
_asin mediación _bn _2rdamedia |
||
| 338 |
_avolumen _bnc _2rdacarrier |
||
| 500 | _aIncluye datos biográficos del autor en las solapas. | ||
| 500 | _aIncluye referencias bibliográficas y notas al pie de las páginas. | ||
| 500 | _aIncluye índice onomástico | ||
| 504 | _aBibliografía : páginas 303-313 | ||
| 505 | 0 |
_aBiografías académicos presidentes de la ACRD -- _tBiografías miembros laudatio academica. |
|
| 590 | _aInventariado, 2024/BT | ||
| 650 | 4 |
_aRepública Dominicana _99306 _xBiografías |
|
| 700 | 1 |
_aScheker Ortiz, Luis, _eprologuista _4pr. _99515 |
|
| 910 | _aValidado. Control de calidad/MAA | ||
| 942 |
_2ddc _cLBS1 |
||
| 999 |
_c44847 _d44847 |
||